000 00915cab a2200301 4500
001 WB3112-15
008 090401t1995 xxu||||| |||| 00| 0 eng d
035 _a(Sirsi) u35689
041 _aeng
245 _aListing commercial buildings
260 _c1995
350 _a0
490 _aEstates Gazette
_v(9511) 18 March 1995, 42(1)
520 _aProperty companies are asking English Heritage to rethink its policy on listing commercial buildings, claiming that this will reduce portfolio values and remove redevelopment rights.
650 _a1950S BUILDINGS
650 _a1960S BUILDINGS
650 _aBPF
650 _aCOMMERCIAL BUILDINGS
650 _aENGLISH HERITAGE
650 _aLISTED BUILDINGS
650 _aLISTING
650 _aPORTFOLIO VALUES
650 _aPOST-WAR BUILDINGS
650 _aREDEVELOPMENT RIGHTS
690 _aCONSERVATION
942 _n0
948 _c04/03/1997
999 _c23343
_d23343